000 00744nam a22002057a 4500
005 20250321142636.0
010 _aENG-144174
020 _a9789380831169
_c145.00
035 _aEN-127706
037 _bDBAD
082 _a658.3
_21
100 _aPrasad, L.V.N
_979812
245 _aRecruitment and selection/
_cL.V.N. Prasad: A Santoshi Roopa [and] S B Mohan
250 _a1
260 _aAndhra Pradesh
_bStudentsHelpline Publication House
_c2010
270 _a#326/c, Near B K Guda Park S R nagar
_bHyderabad
_k91 40 23710657
_k91 40 32494570
_e500038
_l+91 40 23810657
_minfo@studentshelpline.in
300 _a5.38p.
_c21.5cm(pb)
700 _aA santoshi roopa [And] S B mohan
_979813
942 _2ddc
_cEN
_h658.3
_mPRA
_e1
999 _c210417
_d210417